Pañca kanyā : (Record no. 82471)

MARC details
000 -LEADER
fixed length control field 00556cam a2200193 a 4500
001 - CONTROL NUMBER
control field sa 68008617
003 - CONTROL NUMBER IDENTIFIER
control field DLC
005 - DATE AND TIME OF LATEST TRANSACTION
control field 20260227112533.0
008 - FIXED-LENGTH DATA ELEMENTS--GENERAL INFORMATION
fixed length control field 980925s1948 ii 000 0 mar
010 ## - LIBRARY OF CONGRESS CONTROL NUMBER
LC control number sa 68008617
040 ## - CATALOGING SOURCE
Original cataloging agency DLC
Transcribing agency DLC
050 00 - LIBRARY OF CONGRESS CALL NUMBER
Classification number PK2418.B425
Item number P3
100 1# - MAIN ENTRY--PERSONAL NAME
Personal name Bhoḷe, Vāsudeva Vāmana,
Dates associated with a name 1893-
245 10 - TITLE STATEMENT
Title Pañca kanyā :
Remainder of title laghukathāsaṅgraha /
Statement of responsibility, etc. Vā. Vā. Bhoḷe.
260 ## - PUBLICATION, DISTRIBUTION, ETC.
Place of publication, distribution, etc. Nāgapūra :
Name of publisher, distributor, etc. Suvicāra Prakāśana Maṇdaḷa,
Date of publication, distribution, etc. 1948.
300 ## - PHYSICAL DESCRIPTION
Extent 168 p. ;
Dimensions 19 cm.
546 ## - LANGUAGE NOTE
Language note In Marathi.
500 ## - GENERAL NOTE
General note Short stories.

No items available.

Powered by Koha